000 00543nam a2200169Ia 4500
003 GCL
008 140319s9999 xx 000 0 ara d
040 _aGCL /
_cGCL
082 0 4 _a350
_bس م
100 1 _aسليمان محمد الطماوى
245 1 0 _aمبادئ علم الاادارة العامة public administration /
_cسليمان محمد الطماوى
260 _aالقاهرة :
_bجامعة عين شمس ،
_c1987
300 _a632 ص
650 0 4 _aمصر
650 0 4 _aالادارة العامة
942 _2ddc
_cBK
999 _c35190
_d35190